<?xml version="1.0" encoding="UTF-8"?>
<record
    xmlns:xsi="http://www.w3.org/2001/XMLSchema-instance"
    xsi:schemaLocation="http://www.loc.gov/MARC21/slim http://www.loc.gov/standards/marcxml/schema/MARC21slim.xsd"
    xmlns="http://www.loc.gov/MARC21/slim">

  <leader>01906cam a2200517Ii 4500</leader>
  <controlfield tag="001">994575758</controlfield>
  <controlfield tag="003">OCoLC</controlfield>
  <controlfield tag="005">20240220152833.0</controlfield>
  <controlfield tag="008">160826s2017    vraa          000 0 eng d</controlfield>
  <datafield tag="020" ind1=" " ind2=" ">
    <subfield code="a">9781864706994</subfield>
  </datafield>
  <datafield tag="020" ind1=" " ind2=" ">
    <subfield code="a">1864706996</subfield>
  </datafield>
  <datafield tag="035" ind1=" " ind2=" ">
    <subfield code="a">(OCoLC)994575758</subfield>
  </datafield>
  <datafield tag="040" ind1=" " ind2=" ">
    <subfield code="a">YDX</subfield>
    <subfield code="b">eng</subfield>
    <subfield code="e">rda</subfield>
    <subfield code="e">rda</subfield>
    <subfield code="c">YDX</subfield>
    <subfield code="d">OCLCO</subfield>
    <subfield code="d">OCLCF</subfield>
    <subfield code="d">ORU</subfield>
    <subfield code="d">NYP</subfield>
  </datafield>
  <datafield tag="049" ind1=" " ind2=" ">
    <subfield code="a">NYPP</subfield>
  </datafield>
  <datafield tag="050" ind1=" " ind2="4">
    <subfield code="a">NA997.H23</subfield>
    <subfield code="b">A4 2017</subfield>
  </datafield>
  <datafield tag="082" ind1="0" ind2="4">
    <subfield code="a">720.922</subfield>
    <subfield code="2">23</subfield>
    <subfield code="b">ZAH</subfield>
  </datafield>
  <datafield tag="110" ind1="2" ind2=" ">
    <subfield code="a">Zaha Hadid Architects,</subfield>
    <subfield code="e">author.</subfield>
    <subfield code="9">120871</subfield>
  </datafield>
  <datafield tag="245" ind1="1" ind2="0">
    <subfield code="a">Zaha Hadid Architects :</subfield>
    <subfield code="b">redefining architecture &amp; design.</subfield>
  </datafield>
  <datafield tag="260" ind1=" " ind2=" ">
    <subfield code="b">Images Pub;</subfield>
    <subfield code="c">2017.</subfield>
  </datafield>
  <datafield tag="300" ind1=" " ind2=" ">
    <subfield code="a">283 pages :</subfield>
    <subfield code="b">illustrations (chiefly color) ;</subfield>
    <subfield code="c">34 cm.</subfield>
  </datafield>
  <datafield tag="490" ind1="1" ind2=" ">
    <subfield code="a">Leading architects of the world.</subfield>
  </datafield>
  <datafield tag="610" ind1="2" ind2="0">
    <subfield code="a">Zaha Hadid Architects</subfield>
    <subfield code="v">Catalogs.</subfield>
    <subfield code="9">120872</subfield>
  </datafield>
  <datafield tag="610" ind1="2" ind2="7">
    <subfield code="a">Zaha Hadid Architects.</subfield>
    <subfield code="2">fast</subfield>
    <subfield code="9">120871</subfield>
  </datafield>
  <datafield tag="648" ind1=" " ind2="7">
    <subfield code="a">1900-2099</subfield>
    <subfield code="2">fast.</subfield>
    <subfield code="9">120873</subfield>
  </datafield>
  <datafield tag="650" ind1=" " ind2="0">
    <subfield code="a">Architecture, Modern</subfield>
    <subfield code="y">20th century</subfield>
    <subfield code="v">Catalogs.</subfield>
    <subfield code="9">120874</subfield>
  </datafield>
  <datafield tag="650" ind1=" " ind2="0">
    <subfield code="a">Architecture, Modern</subfield>
    <subfield code="y">21st century</subfield>
    <subfield code="v">Catalogs.</subfield>
    <subfield code="9">120875</subfield>
  </datafield>
  <datafield tag="650" ind1=" " ind2="0">
    <subfield code="a">Architecture, Domestic</subfield>
    <subfield code="v">Pictorial works.</subfield>
    <subfield code="9">120876</subfield>
  </datafield>
  <datafield tag="650" ind1=" " ind2="0">
    <subfield code="a">Public architecture</subfield>
    <subfield code="v">Pictorial works.</subfield>
    <subfield code="9">120877</subfield>
  </datafield>
  <datafield tag="650" ind1=" " ind2="0">
    <subfield code="a">Decoration and ornament, Architectural</subfield>
    <subfield code="v">Pictorial works.</subfield>
    <subfield code="9">120878</subfield>
  </datafield>
  <datafield tag="650" ind1=" " ind2="7">
    <subfield code="a">Architecture, Domestic.</subfield>
    <subfield code="2">fast</subfield>
    <subfield code="9">10084</subfield>
  </datafield>
  <datafield tag="650" ind1=" " ind2="7">
    <subfield code="a">Architecture, Modern.</subfield>
    <subfield code="2">fast</subfield>
    <subfield code="9">32028</subfield>
  </datafield>
  <datafield tag="650" ind1=" " ind2="7">
    <subfield code="a">Decoration and ornament, Architectural.</subfield>
    <subfield code="2">fast</subfield>
    <subfield code="9">118713</subfield>
  </datafield>
  <datafield tag="650" ind1=" " ind2="7">
    <subfield code="a">Public architecture.</subfield>
    <subfield code="2">fast</subfield>
    <subfield code="9">10087</subfield>
  </datafield>
  <datafield tag="655" ind1=" " ind2="7">
    <subfield code="a">Catalogs.</subfield>
    <subfield code="2">fast</subfield>
    <subfield code="9">98425</subfield>
  </datafield>
  <datafield tag="655" ind1=" " ind2="7">
    <subfield code="a">Pictorial works.</subfield>
    <subfield code="2">fast</subfield>
    <subfield code="9">81105</subfield>
  </datafield>
  <datafield tag="830" ind1=" " ind2="0">
    <subfield code="a">Leading architects of the world.</subfield>
    <subfield code="9">120879</subfield>
  </datafield>
  <datafield tag="901" ind1=" " ind2=" ">
    <subfield code="a">MARS</subfield>
  </datafield>
  <datafield tag="901" ind1=" " ind2=" ">
    <subfield code="a">tas</subfield>
    <subfield code="b">CATRL</subfield>
  </datafield>
  <datafield tag="908" ind1=" " ind2="4">
    <subfield code="a">NA997.H23</subfield>
  </datafield>
  <datafield tag="942" ind1=" " ind2=" ">
    <subfield code="2">ddc</subfield>
    <subfield code="c">REF</subfield>
    <subfield code="a">SADA</subfield>
    <subfield code="k">REF 720.922 ZAH 2017</subfield>
  </datafield>
  <datafield tag="945" ind1=" " ind2=" ">
    <subfield code="a">.b213201872</subfield>
  </datafield>
  <datafield tag="946" ind1=" " ind2=" ">
    <subfield code="a">m</subfield>
  </datafield>
  <datafield tag="949" ind1=" " ind2="1">
    <subfield code="z">8528</subfield>
    <subfield code="a">JQG 17-1154</subfield>
    <subfield code="i">33433122364445</subfield>
    <subfield code="l">mab82</subfield>
    <subfield code="s">b</subfield>
    <subfield code="t">002</subfield>
    <subfield code="h">33</subfield>
    <subfield code="o">1</subfield>
    <subfield code="v">CATRL/tas</subfield>
  </datafield>
  <datafield tag="999" ind1=" " ind2=" ">
    <subfield code="c">607917</subfield>
    <subfield code="d">607917</subfield>
  </datafield>
  <datafield tag="952" ind1=" " ind2=" ">
    <subfield code="0">0</subfield>
    <subfield code="1">0</subfield>
    <subfield code="2">ddc</subfield>
    <subfield code="4">0</subfield>
    <subfield code="7">0</subfield>
    <subfield code="a">SADA</subfield>
    <subfield code="b">SADA</subfield>
    <subfield code="d">2018-08-16</subfield>
    <subfield code="e">Golden Books</subfield>
    <subfield code="l">0</subfield>
    <subfield code="o">REF 720.922 ZAH 2017</subfield>
    <subfield code="p">SADA0002811</subfield>
    <subfield code="r">2024-02-20</subfield>
    <subfield code="v">7624.80</subfield>
    <subfield code="w">2024-02-20</subfield>
    <subfield code="y">REF</subfield>
  </datafield>
</record>
